Central Library OPAC University of Rajshahi

The Greeks in Bactria & India / (Record no. 24391)

MARC details
000 -LEADER
fixed length control field 00947cam a22003011 4500
001 - CONTROL NUMBER
control field 24391
003 - CONTROL NUMBER IDENTIFIER
rucl marc code BD-RjUL
005 - DATE AND TIME OF LATEST TRANSACTION
control field 20211209001038.0
008 - FIXED-LENGTH DATA ELEMENTS--GENERAL INFORMATION
fixed length control field 140313s1951 enkbfj b 001 0 eng d
035 ## - SYSTEM CONTROL NUMBER
System control number (BD-RjUL)24457
System control number (OCoLC)411708
040 ## - CATALOGING SOURCE
Original cataloging agency DLC
Transcribing agency ODaWU
Modifying agency OCoLC
-- NcRS
-- OCoLC
-- Uk
-- DLC
-- BD-RjUL
Language of cataloging eng
041 ## - LANGUAGE CODE
Language code of text/sound track or separate title eng
082 ## - DEWEY DECIMAL CLASSIFICATION NUMBER
Classification number 934
Author mark and year TAG 1950
100 1# - MAIN ENTRY--PERSONAL NAME
Personal name Tarn, W. W.
Fuller form of name (William Woodthorpe),
Dates associated with a name 1869-1957.
9 (RLIN) 75092
245 14 - TITLE STATEMENT
Title The Greeks in Bactria & India /
Statement of responsibility, etc. W. W. Tarn,
250 ## - EDITION STATEMENT
Edition statement 2d ed.
260 ## - PUBLICATION, DISTRIBUTION, ETC. (IMPRINT)
Place of publication, distribution, etc. Cambridge :
Name of publisher, distributor, etc. University Press,
Date of publication, distribution, etc. 1951.
300 ## - PHYSICAL DESCRIPTION
Pagination xxiii, 561 p. :
Illustrations plate, 3 fold. maps, geneal. table. ;
Size 25 cm.
504 ## - BIBLIOGRAPHY, ETC. NOTE
Bibliography, etc Bibliography: p. [xv]-xviii. and Index
650 #0 - SUBJECT ADDED ENTRY--TOPICAL TERM
Topical term or geographic name as entry element Greeks
Geographic subdivision India.
9 (RLIN) 75093
Topical term or geographic name as entry element Hellenism.
9 (RLIN) 75094
651 #0 - SUBJECT ADDED ENTRY--GEOGRAPHIC NAME
Geographic name India
General subdivision History
Chronological subdivision To 324 B.C.
9 (RLIN) 6158
Geographic name Bactria
General subdivision History.
9 (RLIN) 75095
942 ## - ADDED ENTRY ELEMENTS (KOHA)
Source of classification or shelving scheme Dewey Decimal Classification
Koha item type Books
Holdings
Lost status Source of classification or shelving scheme Damaged status Not for loan Collection code Permanent Location Current Location Shelving location Date acquired Source of acquisition Cost, normal purchase price Total Checkouts Full call number Date last seen Copy number Koha item type
  Dewey Decimal Classification   Added to bundle Non-fiction Central Library, University of Rajshahi Central Library, University of Rajshahi Reading Room 17/11/1956 A. B. C. 40.10   934 TAG 1950 13/03/2014 C-1 Books